000
00268nam a2200121 a 4500
008
101022s1966|||| d
245
1
0
_a
Vlčia koža
044
_a
xo
_c
SK
100
1
_a
Lebert, Hans
260
_b
Obzor
_a
Bratislava
_c
1966
020
_c
22
041
_a
slo
999
_c
12102
_d
12102